हिंदी व्याकरण एवं रचना विकार (Record no. 993814)

MARC details
000 -LEADER
fixed length control field 00455nam a2200133Ia 4500
008 - FIXED-LENGTH DATA ELEMENTS--GENERAL INFORMATION
fixed length control field 151001s9999||||xx |||||||||||||| ||und||
100 ## - MAIN ENTRY--PERSONAL NAME
Personal name ए के मिश्रा
245 ## - TITLE STATEMENT
Title हिंदी व्याकरण एवं रचना विकार
250 ## - EDITION STATEMENT
Edition statement 1
260 ## - PUBLICATION, DISTRIBUTION, ETC. (IMPRINT)
Name of publisher, distributor, etc इम्प्रेशन्स पब्लिशिंग कंपनी कर्नाटक
260 ## - PUBLICATION, DISTRIBUTION, ETC. (IMPRINT)
Date of publication, distribution, etc 2009
300 ## - PHYSICAL DESCRIPTION
Extent 486
365 ## - TRADE PRICE
Price amount 21

No items available.